|
|
|
|
| LEADER |
00000nam0a2200000 4500 |
| 001 |
66834 |
| 005 |
20260521134422.0 |
| 010 |
|
|
|a 5850991654
|
| 035 |
|
|
|a (RuTPU)RU\TPU\book\71114
|
| 090 |
|
|
|a 66834
|
| 100 |
|
|
|a 20040908d2005 km y0rusy50 ca
|
| 101 |
0 |
|
|a rus
|
| 102 |
|
|
|a RU
|
| 105 |
|
|
|a a z 001zy
|
| 200 |
1 |
|
|a Космический астрометрический эксперимент ОЗИРИС
|f Государственный астрономический институт им. П. К. Штернберга; Государственный оптический институт им. С. И. Вавилова; Научно-производственное объединение им. С. А. Лавочкина; Институт астрономии РАН; под ред. Л. В. Рыхловой, К. В. Куимова
|
| 210 |
|
|
|a Фрязино
|c Век 2
|d 2005
|
| 215 |
|
|
|a 350 с.
|c ил.
|
| 320 |
|
|
|a Библиогр.: с. 329-346.
|
| 330 |
|
|
|a В книге рассмотрены научные задачи из области астрономии, которые могут быть решены с помощью космического астрометрического эксперимента. Описана также возможная конструкция космического аппарата и оптического интерферометра, предназначенного для решения этих задач. Для научных работников в области астрономии, студентов старших курсов, специалистов в области космического приборостроения.
|
| 610 |
1 |
|
|a астрономия
|
| 610 |
1 |
|
|a астрометрия
|
| 610 |
1 |
|
|a космос
|
| 610 |
1 |
|
|a эксперименты
|
| 610 |
1 |
|
|a ОЗИРИС
|
| 610 |
1 |
|
|a исследования
|
| 610 |
1 |
|
|a двойные звезды
|
| 610 |
1 |
|
|a галактики
|
| 610 |
1 |
|
|a кинематика
|
| 610 |
1 |
|
|a строение
|
| 610 |
1 |
|
|a нестационарность
|
| 610 |
1 |
|
|a измерения
|
| 610 |
1 |
|
|a пространство-время
|
| 610 |
1 |
|
|a интерферометр-дугомер
|
| 610 |
1 |
|
|a астрономические задачи
|
| 610 |
1 |
|
|a решение
|
| 610 |
1 |
|
|a астрономические наблюдения
|
| 610 |
1 |
|
|a астрономические инструменты
|
| 610 |
1 |
|
|a бортовые системы
|
| 610 |
1 |
|
|a управляющие комплексы
|
| 675 |
|
|
|a 521.9
|v 3
|
| 702 |
|
1 |
|a Рыхлова
|b Л. В.
|4 340
|
| 702 |
|
1 |
|a Куимов
|b К. В.
|4 340
|
| 712 |
0 |
2 |
|a Московский государственный университет им. М. В. Ломоносова
|c 1940-
|7 ca
|8 rus
|b Государственный астрономический институт им. П. К. Штернберга
|9 23122
|
| 712 |
0 |
2 |
|a Государственный оптический институт им. С. И. Вавилова
|3 (RuTPU)RU\TPU\col\7103
|9 24293
|
| 712 |
0 |
2 |
|a Научно-производственное объединение им. С. А. Лавочкина
|
| 712 |
0 |
2 |
|a Институт астрономии РАН
|
| 801 |
|
1 |
|a RU
|b 63413507
|c 20040908
|g PSBO
|
| 801 |
|
2 |
|a RU
|b 63413507
|c 20060524
|g PSBO
|
| 942 |
|
|
|c BK
|